[Event "9 Memorial Gino Serafini"]
[Site "?"]
[Date "2022.10.31"]
[Round "4"]
[White "Santinelli , Michele "]
[Black "Damia , Angelo "]
[Result "0-1"]
[WhiteElo "1878"]
[BlackElo "2192"]
[PlyCount "102"]
[EventDate "2022.??.??"]
[SourceDate "2022.11.04"]

1. d4 d6 2. Nf3 g6 3. e4 Bg7 4. Be3 Nf6 5. Bd3 c6 6. h3 Na6 7. c3 Nc7 8. Nbd2
b5 9. O-O Bb7 10. Qe2 O-O 11. Rfd1 Nd7 12. Nf1 a5 13. Ng3 b4 14. c4 c5 15. d5
a4 16. Rab1 e6 17. Bg5 Bf6 18. Bxf6 Qxf6 19. Qd2 Ne5 20. Be2 Nxf3+ 21. Bxf3 e5
22. Qh6 Qg7 23. Qg5 f6 24. Qd2 Bc8 25. Kh2 f5 26. Rg1 f4 27. Nf1 Qh6 28. Rh1
Ne8 29. Kg1 Qh4 30. Nh2 h5 31. Bd1 Nf6 32. Bc2 f3 33. Nxf3 Nxe4 34. Qe3 Rxf3
35. Qxf3 Bf5 36. g3 Nxg3 37. Qxg3 Qxg3+ 38. fxg3 Bxc2 39. Rc1 b3 40. a3 Rf8 41.
Rh2 Rf3 42. Rg2 Rd3 43. Rf1 Rd4 44. Rgf2 Bf5 45. Rc1 Kg7 46. Kh2 Bd3 47. Rd2 e4
48. Kg2 Bf1+ 49. Kxf1 Rxd2 50. Re1 Rxb2 51. Rxe4 Ra2 0-1